¿Puede el turismo combatir la pobreza? /

Enregistré dans:
Détails bibliographiques
Auteur principal: Trejos B., Fernando
Format: Texte
Sujets:
Tags: Ajouter un tag
Pas de tags, Soyez le premier à ajouter un tag!

MARC

LEADER 00000 a a2200000 04500
001 8190
003
040
100 |a Trejos B., Fernando  
245 |a ¿Puede el turismo combatir la pobreza? /  |c Fernando Trejos B. 
650 |a TURISMO  
650 |a POLITICA DE EMPLEO  
650 |a PROGRAMA DE AYUDA  
650 |a COSTA RICA  
773 |g número 1; páginas 20-23  
999 |c 38256  |d 38256